000 00626 a2200241 4500
001 111388
020 _a9781592499922 (pbk.)
020 _a9781607271918 (pbk.)
041 _apor
090 _aSK 595 SCH
100 _aSchwaeber, Barbie.
250 _a1st pbk. ed.
300 _a[36] p.
697 _aPicture books for children.
697 _aAlphabet.
697 _aEnglish language - Alphabet
697 _aInsects
856 _u00001d/00001d88.jpg
040 _aBR-BrIDEA
_cBR-BrIDEA
245 1 0 _aAlphabet of insects
_c Barbie Schwaeber
260 _aNew York
_bSmithsonian Institution
_c2008
942 _cBK
999 _c111388
_d111388